000 02965nam0a2200505 4500
001 RU\NLR\BIBL_A\011941936
005 20250809113125.0
020 _aRU
_9Ленинград в Великой Отечественной войне. Коллекция. Афиши
035 _a(NLR Aleph) 011941936
090 _a65326
_c65326
100 _a20190220d1943 u y0rusy50 ca
101 0 _arus
102 _aRU
105 _ay z 000zy
135 _acrcn 024anaba
200 1 _aКонцерт. Регина Гудкина (пение) и Донат Лузанов (чтение) "А.С. Пушкин в музыке и литературе", май 1943 г., 22 Суббота
_e[афиша]
_fУправление по делам искусств Исполкома Ленгорсовета, Зал камерных концертов
210 _a[Ленинград]
_cЛТ УН-9
_d1943
215 _a1 л.
_d42х36
300 _aНачало в 17 часов. Билеты продаются в кассе зала от 11 до 19 час.
300 _aЗак. 700
325 _aКопия доступна в Электрон. б-ке РНБ
327 _aI отделение Медный всадник; Евгений Онегин исп. Донат Лузанов. II отделение Романсы исп. Регина Гудкина. Партию ф-но Тамара Салтыкова
517 1 _aА.С. Пушкин в музыке и литературе
606 1 _aТеатральная жизнь
_yЛенинград, город
_z1941 - 1944
_jАфиши
_2nlr_sh2
_3RU\NLR\AUTH\6601649837
686 1 _aЩ333(2Р=Рус)7-692Ленинград
702 1 _aГудкина
_bР.
_cпевица
_gРегина
_3RU\NLR\AUTH\770201815
_4721
702 1 _aЛузанов
_bД. М.
_cартист эстрады, худ. чтение
_gДонат Матвеевич
_3RU\NLR\AUTH\770201792
_4005
712 0 2 _aЗал камерных концертов
_cЛенинград
_3RU\NLR\AUTH\880495405
_4570
852 _aNLR
_jЛ3-330а/12/3/1943-май(6)
856 0 _uhttp://vivaldi.nlr.ru/la700000132/view
856 1 _uhttp://vivaldi.nlr.ru/la700000132/cover
856 2 _uhttp://vivaldi.nlr.ru/la700000132/text
942 _cVISUAL
945 _aРоссийская национальная библиотека
980 _aNB
980 _aBV
980 3 _akplen
980 3 _akp
981 3 7 _a(37) Ленинград в Великой Отечественной войне
_b(37) Афиши блокадного Ленинграда